Daredevil Characters By Episodes - Statistics

General Stats
  • This quiz has been taken 376 times
    223 since last reset
  • The average score is 13 of 30
Answer Stats
Episodes Character % Correct
39 Episodes (S1-3) Daredevil
100%
27 Episodes (S1-3) Kingpin
98%
38 Episodes (S1-3) Foggy Nelson
95%
39 Episodes (S1-3) Karen Page
95%
12 Episodes (S2) Punisher
86%
11 Episodes (S3) Bullseye
85%
11 Episodes (S2) Elektra Natchios
81%
11 Episodes (S1,3) Vanessa Marianna
64%
10 Episodes (S1) James Wesley
61%
9 Episodes (S1) Ben Urich
56%
6 Episodes (S1-2) Madame Gao
51%
13 Episodes (S3) Ray Nadeem
51%
9 Episodes (S1-2) Nobu
45%
8 Episodes (S1-2) Claire Temple
44%
8 Episodes (S3) Seema Nadeem
42%
18 Episodes (S1-3) Brett Mahoney
39%
12 Episodes (S2-3) Blake Tower
29%
9 Episodes (S1) Leland Owlsley
29%
9 Episodes (S3) Sister Maggie
27%
11 Episodes (S1-3) Father Lantom
26%
11 Episodes (S1-3) Marci Stahl
24%
16 Episodes (S1-3) Mitchell Ellison
20%
6 Episodes (S2) Samantha Reyes
20%
7 Episodes (S1-3) Melvin Potter
18%
9 Episodes (S1-2) Josie
17%
7 Episodes (S1-2) Turk Barrett
13%
6 Episodes (S2-3) Benjamin Donovan
7%
7 Episodes (S3) Felix Manning
7%
9 Episodes (S3) Tammy Hattley
6%
8 Episodes (S1,3) Agent Johnson
2%
No matching quizzes found
Score Distribution
Percent of People with Each Score
Percentile by Number Answered
Your Score History
You have not taken this quiz since the last reset